000
00230 a2200097 4500
001
32635
100
_a
Pirzada, Sh
245
_a
Quaid-e-Azam Correspondence
260
_a
Karachi
_b
Guild Publishing House
_c
090
_c
21848
_d
21848
942
_a
NUST-CAE
_c
M
_c
13167
999
_c
267708
_d
267708